| 000 | 00657nam a2200265Ia 4500 | ||
|---|---|---|---|
| 008 | 171025s9999 xx 000 0 und d | ||
| 020 | _a60736712 | ||
| 050 | _a973.9 | ||
| 050 | _bF828 2004 | ||
| 100 | _aFrank, Justin | ||
| 245 | _aBush on the couch : | ||
| 245 | _binside the mind of the president / | ||
| 245 | _cby Justin Frank. | ||
| 250 | _aFirst edition. | ||
| 260 | _aUSA : | ||
| 260 | _bRegan Books, | ||
| 260 | _c2004 | ||
| 300 | _axix, 268 pages : | ||
| 300 | _billustrations ; | ||
| 300 | _c23cm. | ||
| 500 | _aIncludes index. | ||
| 650 | _aBush, George W. (George Walker) -- | ||
| 650 | _xPsychology. | ||
| 700 | _aTitle. | ||
| 999 |
_c344561 _d344561 |
||